Filmographie d'Emma Stone par images - Statistiques

Statistiques générales
  • Ce quiz a été pris 124 fois
  • Le résultat moyen est 7 sur 16
Statistiques - réponses
Par images Hint Réponse % Correct
2012 The Amazing Spiderman
97%
2021 Cruella
93%
2016 La La Land
93%
2023 Pauvres Créatures
65%
2013 Les Croods
60%
2011 Crazy, Stupid, Love
52%
2009 Bienvenue à Zombieland
48%
2014 Birdman
40%
2018 La Favorite
37%
2010 Easy Girl
32%
2011 La Couleur des Sentiments
31%
2013 Gangster Squad
27%
2007 SuperGrave
23%
2017 Battle of the Sexes
22%
2009 Hanté par ses ex
12%
2008 Super Blonde
12%
Aucun quiz correspondant
Distribution des résultats
% des personnes avec chaque résultat
Percentile par nombre de réponses
Votre historique - résultats
Vous n’avez pas pris ce quiz